Building construction (Record no. 549019)
[ view plain ]
| 000 -LEADER | |
|---|---|
| fixed length control field | 00396nam a22001457a 4500 |
| 082 ## - DEWEY DECIMAL CLASSIFICATION NUMBER | |
| Classification number | 692.1 |
| Author Mark | MIT |
| -- | L-14, P-20 |
| 100 ## - MAIN ENTRY--PERSONAL NAME | |
| Personal name | Mitchell, George A. |
| 9 (RLIN) | 45460 |
| 245 ## - TITLE STATEMENT | |
| Title | Building construction |
| Statement of responsibility, etc. | George A. Mitchell |
| 250 ## - EDITION STATEMENT | |
| Edition statement | 18th |
| 260 ## - PUBLICATION, DISTRIBUTION, ETC. | |
| Place of publication, distribution, etc. | London |
| Name of publisher, distributor, etc. | B. T. Batsford Ltd |
| Date of publication, distribution, etc. | 1946 |
| 300 ## - PHYSICAL DESCRIPTION | |
| Extent | viii, 528 p. : |
| 526 ## - STUDY PROGRAM INFORMATION NOTE | |
| Program name | 0 |
| Interest level | 0 |
| Reading level | 0 |
| Title point value | 692_100000000000000_MIT |
| 650 ## - SUBJECT ADDED ENTRY--TOPICAL TERM | |
| Topical term or geographic name entry element | MCE |
| 9 (RLIN) | 379 |
| 942 ## - ADDED ENTRY ELEMENTS (KOHA) | |
| Source of classification or shelving scheme | |
| Koha item type | Book |
| Withdrawn status | Lost status | Source of classification or shelving scheme | Damaged status | Not for loan | Permanent Location | Current Location | Date acquired | Total Checkouts | Full call number | Barcode | Date last seen | Price effective from | Koha item type |
|---|---|---|---|---|---|---|---|---|---|---|---|---|---|
| Military College of Engineering (MCE) | Military College of Engineering (MCE) | 09/15/2014 | 692.1 MIT | MCE-30351 | 09/15/2014 | 09/15/2014 | Book |
